Mahler symphonies and songs
Saved in:
| Hovedforfatter: | |
|---|---|
| Format: | Bog |
| Sprog: | engelsk |
| Udgivet: |
Londres
British Broadcasting Corporation
1970
|
| Serier: | BBC Music Guides
|
| Fag: | |
| Tags: |
Tilføj Tag
Ingen Tags, Vær først til at tagge denne postø!
|
MARC
| LEADER | 00000nam a2200000 a 4500 | ||
|---|---|---|---|
| 001 | UCN3213 | ||
| 003 | CL-VaPUC | ||
| 008 | 010622e19700000UK |||||||||||||||||eng|d | ||
| 082 | 0 | 4 | |a 784.184 |b BAR |2 21 |
| 100 | 0 | |a Barford, Philip |e author |9 459655 | |
| 245 | 1 | 0 | |a Mahler symphonies and songs |
| 300 | |a 64 p | ||
| 942 | |c BK | ||
| 945 | |d 20010622 00:00:00 |a crobeson | ||
| 260 | |a Londres |b British Broadcasting Corporation |c 1970 | ||
| 600 | 0 | 7 | |a MAHLER, GUSTAV |2 CL-VaPUC |9 306763 |
| 650 | 0 | |a Música orquestal |9 306546 | |
| 650 | 0 | |a Sinfonías |9 353494 | |
| 650 | 0 | |a Música vocal |9 306287 | |
| 650 | 7 | |a CANCIONES |2 CL-VaPUC |9 459656 | |
| 650 | 0 | |a Análisis musical |9 267228 | |
| 650 | 7 | |a COMPOSITORES AUSTRIACOS |2 CL-VaPUC |9 459657 | |
| 583 | |a last modification |c 20010622 00:00:00 |k Rodrigo Vera | ||
| 490 | 0 | |a BBC Music Guides | |
| 999 | |c 296138 |d 296136 | ||
| 952 | |0 0 |1 0 |4 0 |6 784_184000000000000_BAR_1970 |7 0 |8 A |9 349750 |a BIBEDU |b BIBEDU |d 2019-11-20 |i 1234668 |o 784.184 BAR 1970 |p 1234668 |r 2023-01-12 |w 2019-11-20 |y BK |k MUS | ||